000 00892nam a22002777a 4500
003 CHAP
005 20220329140911.0
008 971013s1987 r 00010 d
010 _a59519
011 _a60491
035 _a64653
040 _cCHAP
090 _aFolleto 11415
110 _aDinamarca. Agricultural and Veterinary Research
_932608
245 _aAgricultural research in Denmark
260 _a(Copenhagen) :
_bAgricultural and Veterinary Research,
_c1987
300 _a26 p.
_b: ilus.
590 _aBATCH-UPD
_b10
_c20130110
_lUCH01
_h2342
590 _aBATCH-UPD
_b10
_c20130410
_lUCH01
_h1630
590 _aCONVERSION
_b10
_c20130109
_lUCH01
_h1332
650 1 4 _aAgricultura
_xInvestigacion
_xDinamarca.
_91611
901 _aBK
942 _cFOLL
949 _aFolleto 11415
_bBC
_cFOLL
_d-141164
_eTS1
_i64653
_si
949 _aFolleto 11415
_bBC
_cFOLL
_d-141165
_eTS2
_fc.2
_i64653
_si
999 _c59519
_d59519